LDR 01119naa#a2200169#i#450# 001 RU\\bibl\126799 005 20260701121957.3 011 ## _a1815-588X 100 ## _a20260630b2026####ek#y0rusy0150####ca 102 ## _aRU 200 1# _aМетоды защиты объектов железнодорожной автоматики и телемеханики от ударов молнии _eЖурнальная статья 210 1# _aСанкт-Петербург _cФГБОУ ВО "Петербургский государственный университет путей сообщения Императора Александра I" _d2026 215 ## _a10 с. 608 ## _aЖурнальная статья _2local 675 ## _aМеры безопасности. Сигналы. 656.25 _aЗащита и защитные устройства. Предохранители. Защитные автоматы. Грозозащита. Заземление. 621.316.9 _aВоздушные линии электропередачи. 621.315.1 _z 700 #1 _aСоловьев _gАлександр Дмитриевич 856 4# _aitt-pgups.ru _u